| 000 -LEADER |
| fixed length control field |
01474cam a2200349 i 4500 |
| 005 - DATE AND TIME OF LATEST TRANSACTION |
| control field |
20200309092010.0 |
| 008 - FIXED-LENGTH DATA ELEMENTS--GENERAL INFORMATION |
| fixed length control field |
161121s2016 flu b 001 0 eng |
| 010 ## - LIBRARY OF CONGRESS CONTROL NUMBER |
| LC control number |
2016045141 |
| 020 ## - INTERNATIONAL STANDARD BOOK NUMBER |
| International Standard Book Number |
9781138029675 (hardcover : alk. paper) |
| 020 ## - INTERNATIONAL STANDARD BOOK NUMBER |
| Cancelled/invalid ISBN |
9781315375090 (eBook) |
| 040 ## - CATALOGING SOURCE |
| Original cataloging agency |
DLC |
| Language of cataloging |
eng |
| Description conventions |
rda |
| Transcribing agency |
DLC |
| 041 1# - LANGUAGE CODE |
| Language code of text/sound track or separate title |
eng |
| Language code of original and/or intermediate translations of text |
fre |
| 042 ## - AUTHENTICATION CODE |
| Authentication code |
pcc |
| 050 00 - LIBRARY OF CONGRESS CALL NUMBER |
| Classification number |
TH4860 |
| Item number |
.E2513 2016 |
| 082 00 - DEWEY DECIMAL CLASSIFICATION NUMBER |
| Classification number |
711/.4 |
| Edition number |
23 |
| Item number |
PEU |
| 130 0# - MAIN ENTRY--UNIFORM TITLE |
| Uniform title |
Eco-conception des ensembles bâtis et des infrastructures. |
| Language of a work |
English. |
| 245 10 - TITLE STATEMENT |
| Title |
Eco-design of buildings and infrastructure / |
| Statement of responsibility, etc |
editors, Bruno Peuportier, MINES ParisTech, Fabien Leurent, Ecole des ponts ParisTech, Jean Roger-Estrade, AgroParisTech. |
| 300 ## - PHYSICAL DESCRIPTION |
| Extent |
xiv, 381 pages ; |
| Dimensions |
26 cm |
| 490 0# - SERIES STATEMENT |
| Series statement |
Sustainable cities research series, |
| International Standard Serial Number |
2472-2502 ; |
| Volume number/sequential designation |
volume 1 |
| 500 ## - GENERAL NOTE |
| General note |
"A Balkema book." |
| 504 ## - BIBLIOGRAPHY, ETC. NOTE |
| Bibliography, etc |
Includes bibliographical references and index. |
| 650 #0 - SUBJECT ADDED ENTRY--TOPICAL TERM |
| Topical term or geographic name as entry element |
Ecological houses. |
| 650 #0 - SUBJECT ADDED ENTRY--TOPICAL TERM |
| Topical term or geographic name as entry element |
Urban transportation. |
| 650 #0 - SUBJECT ADDED ENTRY--TOPICAL TERM |
| Topical term or geographic name as entry element |
Sustainable urban development. |
| 700 1# - ADDED ENTRY--PERSONAL NAME |
| Personal name |
Peuportier, Bruno, |
| Relator term |
editor. |
| 700 1# - ADDED ENTRY--PERSONAL NAME |
| Personal name |
Leurent, Fabien, |
| Relator term |
editor. |
| 700 1# - ADDED ENTRY--PERSONAL NAME |
| Personal name |
Roger-Estrade, Jean, |
| Relator term |
editor. |
| 776 08 - ADDITIONAL PHYSICAL FORM ENTRY |
| Display text |
Online version: |
| Place, publisher, and date of publication |
Leiden, The Netherlands : CRC Press/Balkema, [2016] |
| International Standard Book Number |
9781315375090 |
| Record control number |
(DLC) 2016053980 |
| 906 ## - LOCAL DATA ELEMENT F, LDF (RLIN) |
| a |
7 |
| b |
cbc |
| c |
orignew |
| d |
1 |
| e |
ecip |
| f |
20 |
| g |
y-gencatlg |
| 942 ## - ADDED ENTRY ELEMENTS (KOHA) |
| Source of classification or shelving scheme |
|
| 955 ## - COPY-LEVEL INFORMATION (RLIN) |
| Book number/undivided call number, CCAL (RLIN) |
cf25 2016-11-21 |
| Copy status, CST (RLIN) |
cf25 2016-11-21 to Dewey |
| Classification number, CCAL (RLIN) |
xn08 2017-02-06 1 copy rec'd., to CIP ver. |
| -- |
rk20 2017-02-14 book received in ART |